10 Main Names of God - Statistics

General Stats
  • This quiz has been taken 22 times
  • The average score is 4 of 10
Answer Stats
Name % Correct
God
78%
Father
61%
Jesus
61%
Jehovah
56%
Lord
44%
Christ
22%
Savior
22%
Adonai
17%
Creator
6%
Emmanuel
0%
No matching quizzes found
Score Distribution
Percent of People with Each Score
Percentile by Number Answered
Your Score History
You have not taken this quiz